Culture Générale - Série 2378 - Statistiques

Statistiques générales
  • Ce quiz a été pris 87 fois
  • Le résultat moyen est 4 sur 10
Statistiques - réponses
Question Réponse % Correct
Dans quel pays se trouve la ville portuaire d'Odessa ? Ukraine
91%
Quel est le nom de scène du chanteur Wouter Otto Levenbach ? voir photo Dave
70%
En quelle année Napoléon 1er remporta-t-il la bataille de Iéna face à la Prusse ? 1806
51%
Comment appelle-t-on également l'herbe aromatique "marjolaine" ? origan
44%
Dans quel pays coule le fleuve Maroni ? Suriname
37%
Quelle ville francophone d'Océanie s'appelait autrefois "Port de France" ? Nouméa
32%
Ce mot signifie "luxure-débauche" (littéraire) - 6 lettres commençant par " s " stupre
32%
Quel animal est appelé "bengali" ? oiseau
27%
Quel mot de 12 lettres commençant par " n" signifie " garantie pour le créancier qui obtient un droit sur un bien de son débiteur" nantissement
23%
Cogner fortement et de manière répétée sous l'effet du ressac (marine). - 6 lettres commençant par " t " tosser
7%
Aucun quiz correspondant
Distribution des résultats
% des personnes avec chaque résultat
Percentile par nombre de réponses
Votre historique - résultats
Vous n’avez pas pris ce quiz